000 00356nam a2200121Ia 4500
008 220217s9999||||xx |||||||||||||| ||und||
100 _aTurban, Efraim and others
245 0 _aDecision support and business management system
250 _a8th
260 _aPearson education
_bNew Delhi
_c2010
300 _aXXVIII, 772p.
_b550
650 _aMANAGEMENT
999 _c178849
_d178849